The architecture of Hasmukh C Patel : (Record no. 10372)

000 -LEADER
fixed length control field 00629cam a22002175i 4500
005 - DATE AND TIME OF LATEST TRANSACTION
control field 20220315191243.0
008 - FIXED-LENGTH DATA ELEMENTS--GENERAL INFORMATION
fixed length control field 160815s2017 nju 000 0 eng
010 ## - LIBRARY OF CONGRESS CONTROL NUMBER
LC control number 2016951186
020 ## - INTERNATIONAL STANDARD BOOK NUMBER
International Standard Book Number 9781935677659 (alk. paper)
040 ## - CATALOGING SOURCE
Original cataloging agency DLC
Language of cataloging eng
Description conventions rda
Transcribing agency DLC
042 ## - AUTHENTICATION CODE
Authentication code pcc
082 ## - DEWEY DECIMAL CLASSIFICATION NUMBER
Classification number 720.95475
Item number DES
100 1# - MAIN ENTRY--PERSONAL NAME
Personal name Desai, Catherine.
245 14 - TITLE STATEMENT
Title The architecture of Hasmukh C Patel :
Remainder of title selected projects 1963-2003 /
Statement of responsibility, etc Catherine Desai, Bomal Patel.
250 ## - EDITION STATEMENT
Edition statement 1st edition.
263 ## - PROJECTED PUBLICATION DATE
Projected publication date 1701
300 ## - PHYSICAL DESCRIPTION
Extent pages cm
906 ## - LOCAL DATA ELEMENT F, LDF (RLIN)
a 0
b ibc
c orignew
d 2
e epcn
f 20
g y-gencatlg
942 ## - ADDED ENTRY ELEMENTS (KOHA)
Source of classification or shelving scheme
955 ## - COPY-LEVEL INFORMATION (RLIN)
Classification number, CCAL (RLIN) pc27 2016-08-15
Holdings
Withdrawn status Lost status Source of classification or shelving scheme Damaged status Koha normalized classification for sorting Not for loan Permanent location Current location Date acquired Source of acquisition Cost, normal purchase price Full call number Barcode Date last seen Cost, replacement price Price effective from Koha item type
        720_954750000000000_DES   BMS College of Architecture, Design and Planning BMS College of Architecture, Design and Planning 2022-03-15 1 3150.00 720.95475 DES AR-UG2539 2022-03-15 4500.00 2022-03-15 UG Books
Copyright © 2025, The Librarian, Library and Information Centre, BMSCA D&P, Bengaluru. All Rights Reserved
web counter

Powered by Koha